Évforduló. Vámcenzúra
Elmentve itt :
| Szerző: | |
|---|---|
| Adatforrás: | Meister |
| Forrásdokumentuma: | A Hét. - 23 sz., 1991, 2 p. |
| Nyelv: | magyar |
| Kulcsszavak: | egyháztörténet nyomdák Balázsfalva MÁRIA-TERÉZIA (királynő) |
| LEADER | 00424nab a2200157 i 4500 | ||
|---|---|---|---|
| 001 | bibPRO00005029 | ||
| 008 | 060524s1991 xx hun | ||
| 040 | |a Sz1 | ||
| 041 | |a hun | ||
| 100 | 1 | |a VAJNOVSZKI Kázmér | |
| 245 | 1 | 0 | |a Évforduló. Vámcenzúra |c VAJNOVSZKI Kázmér |
| 695 | |a egyháztörténet | ||
| 695 | |a nyomdák | ||
| 695 | |a Balázsfalva | ||
| 695 | |a MÁRIA-TERÉZIA (királynő) | ||
| 773 | 0 | |t A Hét. - |g 23 sz., 1991, 2 p. | |